La montaña de oro /
Guardado en:
| Autor Principal: | |
|---|---|
| Otros Autores: | |
| Formato: | Libro |
| Idioma: | Undetermined |
| Publicado: |
Madrid :
Susaeta,
1979.
|
| Series: | Saeta
|
| Materias: | |
| Etiquetas: |
Agregar Etiqueta
Sin Etiquetas, Sea el primero en etiquetar este registro!
|
| LEADER | 00537nam a22001815a 4500 | ||
|---|---|---|---|
| 001 | CEM.cems024345 | ||
| 008 | 241009s1979####sp############000#0#und#d | ||
| 005 | 20241009165923.0 | ||
| 245 | 1 | 0 | |a La montaña de oro / |c Karl May ; ilustraciones Donato Lobo. |
| 260 | |a Madrid : |b Susaeta, |c 1979. | ||
| 300 | |a 134 p. | ||
| 490 | 1 | |a Saeta | |
| 020 | |a 8430511164 | ||
| 100 | 1 | |a May, Karl. | |
| 700 | 1 | |a Lobo, Donato; il. | |
| 653 | |a Literatura alemana | ||
| 653 | |a Narrativa alemana | ||
| 859 | |a CEMS |b BIB. CEMS - Inicial y Primaria |h 833.9 |i M451 |k IP |p 2334 |t Ej.1 | ||
